| 000 | 00658nam a2200205 i 4500 | ||
|---|---|---|---|
| 001 | 62700 | ||
| 003 | ES-MaACL | ||
| 005 | 20250802232300.0 | ||
| 007 | t| | ||
| 008 | 031125s1959 sp |||| | spa d | ||
| 100 | 1 |
_aFernández Fernando, Hieroteo. _949778 |
|
| 245 | 1 | 0 |
_aReclutamiento, reemplazo y movilización de los ejércitos / _cHieroteo Fernández Hernando. |
| 250 | _a2ª ed. | ||
| 260 |
_aMadrid : _b[s.n.], _c1959 ( _fImp. de Ministerio del Aire) |
||
| 300 |
_a589 p. ; _c21 cm. |
||
| 650 | 4 |
_aReclutamiento y alistamiento. _9136806 |
|
| 710 | 1 |
_aEspaña. _bMinisterio del Aire _93938 |
|
| 852 |
_aES-MaACL _jC-17960 |
||
| 999 |
_c62700 _d62700 |
||